[Event "Antananarivo Elo May"]
[Site "Antananarivo"]
[Date "2022.05.09"]
[Round "2"]
[White "Raherimalala, Andritiana"]
[Black "Rakotosoa, Bien Aime"]
[Result "1-0"]
[WhiteElo "1706"]
[BlackElo "1305"]
[PlyCount "79"]
[EventDate "2022.05.07"]
[EventType "swiss"]
[EventRounds "6"]
[EventCountry "MAD"]
[SourceTitle "EXT 2023"]
[Source "ChessBase"]
[SourceDate "2022.10.05"]
[SourceVersion "1"]
[SourceVersionDate "2022.10.05"]
[SourceQuality "1"]

1. d4 Nf6 2. c4 b6 3. Nc3 Bb7 4. Nf3 g6 5. e3 Bg7 6. Bd3 d5 7. cxd5 Nxd5 8. e4 Nxc3 9. bxc3 Nd7 10. 0-0 c5 11. Bb2 Qc7 12. Rc1 c4 13. Bb1 0-0-0 14. Ba3 Ne5 15. Nxe5 Bxe5 16. Qg4+ Qd7 17. Qxd7+ Rxd7 18. dxe5 Rhd8 19. Bc2 Rd2 20. Bxe7 R8d7 21. Bd6 Rxc2 22. Rxc2 Bxe4 23. Rd2 Kb7 24. Re1 Bd3 25. f4 f5 26. Rxd3 cxd3 27. Rd1 Kc6 28. Rxd3 b5 29. Kf2 a5 30. h3 h5 31. Kf3 h4 32. g4 hxg3 33. Kxg3 b4 34. cxb4 axb4 35. Kh4 Kb5 36. Kg5 Kc4 37. Rb3 Rh7 38. Rxb4+ Kd3 39. Kxg6 Rxh3 40. Rb3+ 1-0

[Event "Antananarivo Elo May"]
[Site "Antananarivo"]
[Date "2022.05.08"]
[Round "5"]
[White "Rakotosoa, Bien Aime"]
[Black "Heriniaina, Cedric"]
[Result "0-1"]
[WhiteElo "1305"]
[BlackElo "1753"]
[PlyCount "44"]
[EventDate "2022.05.07"]
[EventType "swiss"]
[EventRounds "6"]
[EventCountry "MAD"]
[SourceTitle "EXT 2023"]
[Source "ChessBase"]
[SourceDate "2022.10.05"]
[SourceVersion "1"]
[SourceVersionDate "2022.10.05"]
[SourceQuality "1"]

1. d4 g6 2. Nf3 Nf6 3. Bg5 Bg7 4. Nc3 0-0 5. Qd3 d6 6. 0-0-0 Ng4 7. Bh4 Bf5 8. e4 Bd7 9. a3 Nf6 10. g4 c6 11. g5 Ne8 12. Bg3 b5 13. h4 b4 14. Ne2 Qa5 15. Kb1 Be6 16. b3 c5 17. d5 Qxa3 18. c3 Bg4 19. Nf4 Bxc3 20. Qc2 Bxf3 21. Bd3 Bxh1 22. Rxh1 Nd7 0-1